[Event "Israel Championship 2021"]
[Site "Haifa"]
[Date "2021.03.10"]
[Round "4.9"]
[White "Ben Ari, Yannay"]
[Black "Dvoirys, Semen I."]
[Result "1/2-1/2"]
[WhiteElo "2403"]
[BlackElo "2483"]
[Annotator "TA"]
[PlyCount "36"]
[EventDate "2021.01.10"]
[EventType "swiss"]
[EventCountry "ISR"]
[SourceTitle "playchess.com"]
[Source "ChessBase"]
[SourceQuality "1"]

{[%evp 9,36,0,8,4,8,12,20,26,23,7,1,0,0,0,4,14,21,13,34,45,56,38,49,49,52,44,39,44,50]} 1. d4 Nf6 2. c4 g6 3. Nc3 d5 4. Nf3 Bg7 5. h4 c6 6. cxd5 {D90: Grünfeld: 4 Nf3 Bg7 sidelines.} cxd5 7. Bf4 Nc6 8. e3 {The position is equal.} O-O 9. Qb3 $1 {9.Qb3 scores better than 9.Ne5.} Na5 10. Qb4 Nc6 11. Qb3 Na5 12. Qa3 Nc6 13. Rc1 {[#]} Bd7 $146 ({Predecessor:} 13... Bf5 14. Be2 Ne4 15. Qb3 Nxc3 16. Rxc3 Na5 17. Qb5 a6 18. Qb4 Rc8 19. Rxc8 Bxc8 20. O-O Nc6 21. Qb3 Re8 {1-0 (50) Melkumyan,H (2658)-Burke,J (2562) Philadelphia 2019}) 14. Be2 {White is slightly better.} e6 15. O-O a6 16. Na4 Ne4 17. Nc5 Nxc5 18. Rxc5 Qb6 {Weighted Error Value: White=0.03/Black=0.05} 1/2-1/2

[Event "Israel Championship 2021"]
[Site "Haifa"]
[Date "2021.03.10"]
[Round "4.10"]
[White "Gruenfeld, Yehuda"]
[Black "Efroimski, Marsel"]
[Result "1-0"]
[WhiteElo "2412"]
[BlackElo "2357"]
[Annotator "TA"]
[PlyCount "67"]
[EventDate "2021.01.10"]
[EventType "swiss"]
[EventCountry "ISR"]
[SourceTitle "playchess.com"]
[Source "ChessBase"]
[SourceQuality "1"]

{[%evp 28,67,37,25,61,60,52,41,64,61,71,33,28,34,23,19,41,26,39,31,31,33,176,39,28,30,37,26,118,112,224,222,285,278,321,329,2824,2754,2172,2159,5418,5414]} 1. e4 c6 2. d4 d5 3. Nc3 dxe4 4. Nxe4 Bf5 5. Ng3 Bg6 6. h4 h6 7. Nf3 Nd7 8. h5 Bh7 9. Bd3 Bxd3 10. Qxd3 e6 11. Bf4 Qa5+ 12. Bd2 Qc7 13. O-O-O Ngf6 14. Qe2 O-O-O {was the old line (14...Nb6).} 15. Ne5 Nb8 {B19: Classical Caro-Kann: 4...Bf5 main line.} 16. Rh4 Bd6 17. Re1 Na6 {[#] White is slightly better.} 18. Kb1 $146 ({Predecessor:} 18. Nf1 c5 19. Nc4 Nd5 20. Ba5 Nb6 21. dxc5 Bxc5 22. Nxb6+ axb6 23. Bc3 Qc6 24. b4 Qd5 25. Rc4 {1-0 (41) Westerinen,H-Ogaard,L Helsinki 1972}) 18... c5 19. c3 Kb8 20. Nc4 Ka8 21. Nxd6 Qxd6 22. Ne4 Nxe4 23. Rxe4 cxd4 24. Rxd4 Qh2 {[#]} ({Black should play} 24... Qc7 $14) 25. g3 ({White must play} 25. Qg4 $1 $18 {aiming for Bf4.} f5 26. Qxg7) 25... Rxd4 $14 26. cxd4 {Strongly threatening Qf3.} Qg2 27. Rc1 Nb8 {[#]} (27... Rg8 $11) 28. Qg4 $1 $16 {[%cal Rg4g7]} Nc6 (28... Rg8 $16) 29. Qxg7 $18 Qe4+ 30. Ka1 Rd8 31. Qxf7 ({Don't play} 31. Bxh6 $6 Qd5 $18) 31... Nxd4 $2 (31... Rh8 32. Bxh6 Qh7 33. Qxe6 Qxh6 34. Qxh6 Rxh6) 32. Qc7 {[%cal Rc7d8] White is clearly winning.} Rb8 33. Bf4 {[%csl Gf4][%cal Rc7b8]} e5 34. Bxe5 {[%csl Ge5][%cal Rc7b8] Weighted Error Value: White=0.19/Black=0.41} 1-0

[Event "Israel Championship 2021"]
[Site "Haifa"]
[Date "2021.03.10"]
[Round "4.11"]
[White "Birnboim, Nathan"]
[Black "Iliaguev, Nisim"]
[Result "1-0"]
[WhiteElo "2381"]
[BlackElo "2332"]
[Annotator "TA"]
[PlyCount "151"]
[EventDate "2021.01.10"]
[EventType "swiss"]
[EventCountry "ISR"]
[SourceTitle "playchess.com"]
[Source "ChessBase"]
[SourceQuality "1"]

{[%evp 14,151,42,34,52,66,60,51,69,56,77,72,83,77,168,162,187,191,165,130,170,114,134,103,205,93,80,87,81,80,57,68,122,124,124,127,127,121,132,134,133,118,110,120,111,116,175,161,162,155,166,127,114,0,151,148,148,148,203,217,207,125,230,152,203,157,210,218,217,209,235,208,238,83,87,93,89,68,177,161,193,212,192,182,185,190,167,156,402,372,576,401,737,737,695,695,1333,795,1172,1146,1285,1186,1167,1134,1189,761,1369,1200,1609,0,1357,1331,2265,1667,2356,1842,4047,1391,2531,1947,1768,1788,1898,1814,1817,1802,1655,1331,6753,6408,6648,12831,6110,5534,29987,29988,29989,29990,29989,29990]} 1. d4 Nf6 2. c4 e6 3. g3 Bb4+ 4. Bd2 Qe7 5. Bg2 O-O 6. Nf3 Bxd2+ 7. Qxd2 Ne4 8. Qc2 Qb4+ {E11: Bogo-Indian.} 9. Nbd2 Nxd2 10. Nxd2 Nc6 {White is slightly better.} 11. e3 {[#]} d6 $146 ({Predecessor:} 11... Qe7 12. O-O d6 13. a3 e5 14. d5 Nd8 15. c5 f5 16. Rac1 Nf7 17. c6 b6 {0-1 (57) Gupta,A (2597)-G,A (2443) Jammu 2018}) 12. O-O (12. a3 $5 {[%cal Ra3b4]} Qb6 13. O-O $16) 12... Qa5 13. c5 e5 (13... d5 $16 {was called for.}) 14. Nc4 $1 $18 {[%cal Rc4a5]} Qa6 15. d5 {[%cal Rd5c6]} (15. cxd6 $6 cxd6 16. dxe5 (16. Nxd6 exd4 17. Bxc6 dxe3 $14) 16... dxe5 $16) 15... Ne7 16. b4 Rd8 17. Rfd1 (17. a4 $1 $18 b5 18. axb5 Qxb5 19. Ra5) 17... Bg4 18. Rd2 b6 {[#]} (18... Qb5 $16) 19. h3 (19. Nxe5 $1 $18 {[%mdl 512] and White stays clearly on top.} dxe5 (19... Qc8 20. cxd6) 20. d6 cxd6 21. cxd6) 19... Bf5 $16 20. e4 Bg6 21. cxd6 cxd6 {[#]} 22. Nxd6 Rxd6 (22... b5 $1 $14) 23. Qc7 $1 {[%csl LRd6,LRe7]} Rdd8 (23... Nc8 $2 24. b5 $18) 24. Qxe7 Re8 25. Qg5 Qc4 26. Qe3 Qxb4 27. Rc1 Rac8 28. Rdc2 Rxc2 29. Rxc2 a5 (29... Qa4 $16 30. Rc7 h5) 30. Qc1 h6 (30... Bxe4 $2 31. Rc4 $18) 31. Rc4 Qd6 32. Rc6 Qb4 33. Rc4 Qd6 34. a4 Kh7 35. Qb2 $36 {[%mdl 2048] White is in control.} Rb8 (35... Ra8 $16 36. h4 (36. Rc6 Qb4 $16) 36... f6) 36. Rc6 $18 Qe7 37. d6 Qe6 (37... Qd7 $16 38. Rxb6 Rxb6 39. Qxb6 Qxa4) 38. Rxb6 Rc8 (38... Rd8 $16) 39. Qd2 {And now d7 would win.} Rc4 {[#]} (39... Qc4 $16) 40. d7 $1 {[%mdl 512]} Qxb6 41. d8=Q Qb1+ 42. Kh2 Rd4 {[#]} 43. Q8xd4 exd4 $16 44. Qxd4 f6 45. Bf3 (45. e5 {feels hotter.} fxe5 46. Qxe5 Qb6 47. Qf4 Qc5 48. h4) 45... Qb4 (45... Qc2 $14) 46. Qxb4 $18 axb4 {[%mdl 4096] Endgame KB-KB} 47. a5 b3 {[#]} 48. Bd1 $1 {[%cal Rd1b3]} ({Worse is} 48. a6 b2 $11) 48... b2 49. Bc2 Be8 50. Kg2 Bc6 $2 {[#]} (50... Kg6 $16 51. Kf3 Ba4) 51. Kf1 $1 Kg6 (51... Ba4 $142 52. Bb1 Kg8) 52. Ke1 Kf7 (52... Bd7 $142 53. Kd2 Kf7) 53. Kd2 Ke6 54. Kc3 Ke5 55. f4+ Kd6 56. Kxb2 Kc5 57. Bd3 Kd4 58. Kc2 Ba8 59. a6 Bc6 60. Kd2 Ba8 61. Kc2 Bc6 62. h4 Ba8 63. h5 Bc6 64. Kd2 Ba8 65. Bc2 (65. a7 $142 Bb7 66. e5) 65... Bc6 66. Kc1 Kc5 67. Kb2 Kb6 68. Bd3 Be8 69. Be2 Bc6 70. e5 fxe5 71. fxe5 Kc5 72. Kc3 Be4 73. e6 {White wants to mate with e7.} Kd6 74. Kd4 {White mates.} Bd5 75. e7 Bc6 {[#]} 76. Bf3 $1 {[%mdl 512] Weighted Error Value: White=0.18/Black=0.30} 1-0

[Event "Israel Championship 2021"]
[Site "Haifa"]
[Date "2021.03.10"]
[Round "4.12"]
[White "Smirin, Ilia"]
[Black "Lahav, Michal"]
[Result "1-0"]
[WhiteElo "2614"]
[BlackElo "2216"]
[Annotator "TA"]
[PlyCount "67"]
[EventDate "2021.01.10"]
[EventType "swiss"]
[EventCountry "ISR"]
[SourceTitle "playchess.com"]
[Source "ChessBase"]
[SourceQuality "1"]

{[%evp 11,67,13,18,17,19,5,16,0,0,0,0,0,0,-17,0,-26,0,0,0,-9,27,-35,-33,-28,-43,-72,-14,-21,-22,-21,-11,-31,-27,-39,0,-76,-76,-68,0,0,0,0,0,0,194,187,489,267,1114,1099,1069,1053,1022,1028,1005,989,29994,1446]} 1. e4 e6 2. d4 d5 3. Nd2 Be7 4. Ngf3 Nf6 5. e5 Nfd7 6. Bd3 c5 7. c3 {C03: French Tarrasch: Unusual Black 3rd moves.} b6 8. Qe2 a5 (8... Nc6 {looks sharper.} 9. a3 a5 10. Nf1 Bb7 11. h4 Qc8) 9. h4 $5 {[%mdl 4] The position is equal. Leaves trodden paths.} (9. O-O {feels hotter.} Nc6 10. Rd1 Bb7 11. Nf1 a4 12. Bc2) 9... Ba6 10. Bxa6 Nxa6 11. h5 h6 {[#]} 12. O-O $146 ({Predecessor:} 12. a4 Qc7 13. Nb3 c4 14. Nbd2 Qc6 15. Rh3 Nc7 16. Rg3 Rg8 17. Nf1 O-O-O 18. Qc2 {½-½ (26) Debevec,B (2084)-Drasko,M (2478) Sentjur 2011}) 12... O-O 13. Nh2 cxd4 14. cxd4 Nb4 {...Nc2 is the strong threat.} 15. Nb1 Qc8 16. Nc3 (16. Na3 $1 $11) 16... Qc4 $15 17. Qg4 Kh8 $36 {[%mdl 2048] Black has the initiative.} 18. Be3 Nc2 (18... a4 $17 19. Ne2 Nc2) 19. Rac1 $11 Nxe3 20. fxe3 Bg5 21. Qh3 {next Ne4! is good for White.} Rac8 22. Ng4 a4 23. Kh2 (23. Ne4 $11 {keeps the balance.} Qxc1 24. Nxg5) 23... Qb4 $17 24. Nxd5 exd5 (24... Qb5 $1 $15 25. Nf4 Rxc1 26. Rxc1 Qxb2) 25. Rxc8 $11 Rxc8 26. Rxf7 Qe1 27. Rxd7 {Hoping for Qg3.} Rc1 $2 {[#]} (27... Rf8 $11 28. Qg3 (28. Rxd5 $2 Rf1 $19) 28... Qd1) 28. Rf7 $1 $18 {[%cal Rf7f8] Intending Rf8+ and mate.} Qg1+ (28... Kg8 {was necessary.} 29. Rf3 Qh1+ 30. Kg3 Qe1+ 31. Nf2 Bxe3) 29. Kg3 {White wants to mate with Rf8+.} Qe1+ $2 {[#]} (29... Kg8 30. Rf3 Qe1+ 31. Nf2 Bxe3) 30. Nf2 $1 Qxe3+ 31. Rf3 Bf4+ 32. Kg4 Qxd4 33. Rxf4 Qxe5 34. Rf8+ {Weighted Error Value: White=0.14/Black=0.57} 1-0

[Event "Israel Championship 2021"]
[Site "Haifa"]
[Date "2021.03.10"]
[Round "4.13"]
[White "Sokolovsky, Yahli"]
[Black "Shohat, Yotam"]
[Result "1-0"]
[WhiteElo "2472"]
[BlackElo "2371"]
[Annotator "TA"]
[PlyCount "75"]
[EventDate "2021.01.10"]
[EventType "swiss"]
[EventCountry "ISR"]
[SourceTitle "playchess.com"]
[Source "ChessBase"]
[SourceQuality "1"]

{[%evp 20,75,54,64,147,114,124,100,130,84,110,6,300,304,295,274,312,312,306,208,174,120,162,173,730,740,687,687,691,666,624,648,1109,1102,1102,1102,1062,1032,809,817,786,607,586,581,548,448,607,598,29986,29987,29987,29988,29988,29989,29990,29991,29991,29992]} 1. e4 c5 2. Nf3 g6 3. d4 cxd4 4. Nxd4 Nf6 5. Nc3 d6 6. Be3 Bg7 7. f3 O-O 8. Qd2 Nc6 9. O-O-O Nxd4 10. Bxd4 Be6 11. Kb1 Qb8 {B76: Sicilian Dragon: Yugoslav Attack, 9 g4 and 9 0-0-0.} (11... Nd7 $14) 12. g4 Rc8 13. h4 b5 {White is better.} 14. g5 b4 15. Ne2 {[#]} (15. gxf6 $16 bxc3 16. Bxc3 Bxf6 17. Bxf6 exf6 18. h5 (18. Qxd6 Rc3 $16)) 15... Nd7 $146 {[%mdl 8192] [#]} (15... Nh5 $11 {and Black stays safe.}) ({Predecessor:} 15... Nh5 16. Bxg7 Kxg7 17. Bh3 Bxh3 18. Rxh3 Qb5 19. Ng3 Rc4 20. Nxh5+ gxh5 21. Qd5 Qxd5 22. Rxd5 {0-1 (53) Kaminski,U (2415)-Glienke,M (2290) Germany 1990}) 16. Bxg7 $18 Kxg7 17. Nd4 Qb6 18. h5 Qc5 19. Bh3 Bxh3 20. Rxh3 ({Better is} 20. Qh2 $18 Ne5 21. Qxh3) 20... Nf8 $16 21. hxg6 hxg6 {[#]} (21... fxg6 22. f4 e5) 22. Qf4 $18 f6 23. gxf6+ exf6 24. Qh6+ Kf7 25. f4 Re8 26. f5 g5 27. Ne6 Rxe6 28. fxe6+ Kxe6 29. Rf3 Nd7 30. Qh3+ Ke7 31. Qh7+ Ke6 32. Rfd3 Rc8 33. c4 Rc6 34. Qg8+ {White mates.} Ke7 35. Rh3 {[%cal Rh3h7]} Nf8 36. Qg7+ Ke8 37. Rh8 {[%csl Gg7][%cal Rh8f8]} d5 38. exd5 {Weighted Error Value: White=0.23/Black=0.87} 1-0

[Event "Israel Championship 2021"]
[Site "Haifa"]
[Date "2021.03.10"]
[Round "4.14"]
[White "Aizenberg, Benny"]
[Black "Kupervaser, Erez"]
[Result "1/2-1/2"]
[WhiteElo "2307"]
[BlackElo "2371"]
[Annotator "TA"]
[PlyCount "78"]
[EventDate "2021.01.10"]
[EventType "swiss"]
[EventCountry "ISR"]
[SourceTitle "playchess.com"]
[Source "ChessBase"]
[SourceQuality "1"]

{[%evp 30,78,35,45,53,0,0,0,13,0,0,0,0,-58,-60,-66,-65,-61,-27,-75,-75,-80,-75,-97,-53,-77,-79,-97,-100,-77,-91,-104,-96,-144,-24,-28,0,-70,-71,-72,0,-6,-8,-12,0,0,0,-8,0,-12,0]} 1. e4 c5 2. Nf3 Nc6 3. d4 cxd4 4. Nxd4 Nf6 5. Nc3 e5 6. Ndb5 d6 7. Bg5 a6 8. Na3 b5 9. Bxf6 gxf6 10. Nd5 Bg7 11. c3 f5 12. exf5 Bxf5 13. Nc2 O-O 14. Nce3 Be6 15. Bd3 f5 16. O-O Kh8 {B33: Sicilian: Pelikan and Sveshnikov Variations.} 17. a4 (17. Qh5 $1 $14) 17... b4 $11 18. cxb4 ({But not} 18. Nxb4 $2 Nxb4 19. cxb4 d5 $19) 18... e4 {[#]} 19. Nf4 {[#]} Nd4 $146 {[%cal Bc6d4,Bd4e6,Be6g7,Bg7f5][%mdl 32]} ({Predecessor:} 19... Bc8 20. b5 Nd4 21. Bc4 axb5 22. Bxb5 Nxb5 23. axb5 Rxa1 24. Qxa1 Be5 25. Ned5 Qg5 {1-0 (35) De Firmian,N (2510)-Browne,W (2449) San Francisco 2012}) 20. Nxe6 Nxe6 21. Nxf5 exd3 $15 ({Reject} 21... Rxf5 $6 22. Bxe4 Rf6 23. Bxa8 $14) 22. Nxg7 Nxg7 23. Ra3 Qb6 24. Rxd3 Qxb4 25. Rxd6 Qxb2 26. Qd3 Nf5 27. Rd7 Qf6 28. Rb1 Rad8 29. Rxd8 Rxd8 30. Qc4 Nd4 {And now ...Nf3+! would win.} 31. Qd3 {[#]} Qe5 (31... Nb5 $1 $17 {[%mdl 512]} 32. Qb3 Nc3) 32. Qxa6 $11 Qf5 33. Qb7 (33. Qb6 $11 Nc6 34. Qb2+ Kg8 35. h3) 33... Ne2+ $15 34. Kh1 Nf4 ({Don't play} 34... Qxf2 35. Qb2+ Kg8 36. Qe5 $11) ({Black should play} 34... Nc3 $17 35. Ra1 Qxf2) 35. Qb2+ $11 {The position is equal.} Kg8 36. Qb3+ Nd5 37. Qg3+ Kf8 {[%cal Rf5b1]} 38. Re1 Nf6 39. Qh4 Rd7 {Weighted Error Value: White=0.17/Black=0.22} 1/2-1/2

[Event "Israel Championship 2021"]
[Site "Haifa"]
[Date "2021.03.10"]
[Round "4.15"]
[White "Kochavi, Ori"]
[Black "Ben Artzi, Ido"]
[Result "1-0"]
[WhiteElo "2273"]
[BlackElo "2368"]
[Annotator "TA"]
[PlyCount "57"]
[EventDate "2021.01.10"]
[EventType "swiss"]
[EventCountry "ISR"]
[SourceTitle "playchess.com"]
[Source "ChessBase"]
[SourceQuality "1"]

{[%evp 17,57,23,17,0,12,0,9,-8,-8,-10,14,-9,-14,-11,7,4,3,0,51,58,54,12,98,87,280,282,268,282,382,385,365,373,375,350,382,291,573,564,878,877,1212,1223]} 1. Nf3 Nf6 2. d4 g6 3. Nbd2 Bg7 4. e4 d6 5. Bd3 O-O 6. O-O Nc6 7. c3 e5 8. dxe5 $1 {8.dxe5 scores better than 8.Re1.} Nxe5 9. Nxe5 dxe5 10. Be2 {B07: Pirc Defence: Miscellaneous Systems.} b6 11. Qc2 Bb7 {[#]} 12. Bf3 $146 {The position is equal.} ({Predecessor:} 12. Re1 Nd7 13. Nf1 Nc5 14. f3 Qe7 15. Be3 Ne6 16. Rad1 Nf4 17. Bc4 h5 18. Kh1 {0-1 (51) Kravtsov,S (2325)-Shariyazdanov,A (2535) Kaliningrad 2015}) 12... Ba6 {Threatening ...Bd3.} 13. c4 Qd7 14. a4 Rfd8 15. a5 b5 16. Nb3 Qc6 17. Be3 Qxc4 ({Black should play} 17... bxc4 $11 18. Rfc1 Ne8) 18. Rfc1 $1 $14 Nd7 19. Qd1 (19. Be2 $5 {[%cal Re2c4]} Qe6 20. Qc6 $1 $11) 19... Qe6 (19... Nf8 $11 20. Bd2 Qe6) 20. Rxc7 $16 Nb6 $2 {[#] This costs Black the game.} 21. Qxd8+ $3 $18 {[%mdl 512]} Rxd8 22. Nc5 {[%mdl 64] Double Attack} Qd6 23. axb6 axb6 24. Nxa6 Bf8 25. Be2 f5 {With the idea ...f4.} 26. Bg5 Ra8 {[#]} (26... Rd7) 27. Rd1 $1 {White is clearly winning.} Qe6 (27... Rxa6 28. Rxd6) 28. Bxb5 Kh8 29. Bc4 {Weighted Error Value: White=0.11/Black=0.57} 1-0

[Event "Israel Championship 2021"]
[Site "Haifa"]
[Date "2021.03.10"]
[Round "4.16"]
[White "Katz, Kiril"]
[Black "Stolyarsky, Yegor"]
[Result "1-0"]
[WhiteElo "1957"]
[BlackElo "2063"]
[Annotator "TA"]
[PlyCount "69"]
[EventDate "2021.01.10"]
[EventType "swiss"]
[EventCountry "ISR"]
[SourceTitle "playchess.com"]
[Source "ChessBase"]
[SourceQuality "1"]

{[%evp 19,69,10,18,0,18,16,27,27,72,79,78,74,112,103,149,143,244,247,251,256,295,288,286,298,296,290,283,300,412,410,450,454,452,439,426,404,425,405,377,374,345,286,666,488,506,485,1039,1021,5161,2423,29973,29965]} 1. e4 e5 2. Nf3 Nc6 3. Nc3 Nf6 4. Bb5 Bb4 5. O-O O-O 6. d3 d6 7. Bg5 Bxc3 8. bxc3 h6 9. Bh4 a6 10. Bxc6 {is the legacy move (10.Ba4).} bxc6 {[#]} 11. Qc1 $146 {C49: Four Knights: 4 Bb5 Bb4.} ({Predecessor:} 11. Nd2 Qe7 12. Nc4 d5 13. exd5 cxd5 14. Ne3 c6 15. d4 Re8 16. c4 dxc4 17. Nxc4 exd4 18. Qxd4 c5 19. Qb2 {0-1 (48) Aravindh,C (2573)-Hou,Y (2670) Douglas 2017}) 11... Bg4 12. Qe3 Kh7 13. Rab1 {White has an edge.} Qd7 14. Bxf6 gxf6 15. Nh4 {And now f4 would win.} Rg8 16. f4 Qe6 17. c4 {h3! is the strong threat.} f5 (17... Qe8 $16 18. fxe5 Qxe5) 18. fxe5 $18 Qxe5 19. Nxf5 Bxf5 20. Rxf5 {[%mdl 64] [#] Double Attack} Qg7 {[%csl Gg8][%cal Rg7g2]} 21. Qf2 f6 22. Rf1 Raf8 23. g3 Rh8 24. Qa7 Kg6 25. Qxa6 c5 26. Qa5 h5 27. Qd2 Rh6 28. Qe2 h4 {If only Black now had time for ...hxg3....} 29. R1f4 Kf7 30. e5 dxe5 {[#]} (30... hxg3 31. Rg4 (31. Rxf6+ Rxf6 32. Rxf6+ Ke7 $18) 31... Qh8 32. Rxg3 Rg8) 31. Qxe5 Kg8 32. Qd5+ Kh8 (32... Rf7 $142 33. g4 Kh8) 33. Rh5 hxg3 34. Rfh4 gxh2+ 35. Kxh2 {Black got outplayed after the opening.  Weighted Error Value: White=0.14/Black=0.68} 1-0

[Event "Israel Championship 2021"]
[Site "Haifa"]
[Date "2021.03.11"]
[Round "5.1"]
[White "Boruchovsky, Avital"]
[Black "Gorshtein, Ido"]
[Result "1-0"]
[WhiteElo "2541"]
[BlackElo "2387"]
[Annotator "TA"]
[PlyCount "79"]
[EventDate "2021.01.10"]
[EventType "swiss"]
[EventCountry "ISR"]
[SourceTitle "playchess.com"]
[Source "ChessBase"]
[SourceQuality "1"]

{[%evp 12,79,27,0,1,0,0,1,6,0,14,13,38,40,37,32,44,22,79,79,77,55,88,50,62,11,38,38,33,19,22,18,21,15,20,18,15,0,16,16,18,12,16,22,27,3,77,20,74,64,64,14,49,36,368,364,404,381,376,362,335,337,596,568,565,559,480,479,633,607]} 1. d4 f5 2. Bf4 d6 3. e3 g6 4. Nf3 Bg7 5. c4 Nf6 6. Nc3 O-O 7. Bd3 Nc6 {A85: Dutch Defence: 2 c4 Nf6 3 Nc3.} 8. O-O Nh5 {[#]} 9. d5 $146 ({Predecessor:} 9. Bg5 h6 10. Bh4 g5 11. Ne1 Nf6 12. Bg3 e5 13. d5 Nb4 14. f3 Nxd3 15. Nxd3 {0-1 (32) Bryar,H (1890)-Hering,H (2273) ICCF email 2017}) 9... Nb4 {The position is equal.} 10. Be2 Nxf4 11. exf4 Bxc3 (11... Kh8 {is more complex.} 12. Qd2 e5 13. dxe6 Bxe6 14. a3 Na6) 12. bxc3 Na6 13. Nd4 Nc5 14. Bf3 Bd7 (14... e5 $11 15. dxe6 c6) 15. Re1 $16 Rf7 16. Rb1 Rb8 17. Re3 Qf8 18. Nb5 (18. h4 $14) 18... Bxb5 19. cxb5 a6 20. Be2 axb5 21. Bxb5 Ra8 22. a4 Qg7 23. h4 h6 24. Qd4 Kf8 25. Rb4 Qf6 26. g3 h5 27. Kg2 Kg7 28. Rc4 b6 (28... Kh7 $11) 29. Qd2 ({Better is} 29. Bc6 $16 Raf8 30. Rb4) 29... Kf8 (29... e5 $11 {keeps the balance.}) 30. Bc6 Ra5 31. Qe1 Rg7 (31... e6 $5) 32. Bb5 Ra8 $2 {[%mdl 8192] [#] A mistake that costs the game.} (32... Kg8 $14) 33. Rxc5 $1 $18 {[%mdl 512]} bxc5 (33... dxc5 34. Re6) 34. Re6 Qf7 35. Bc6 Ra6 {[#]} 36. Qe2 $1 {[%cal Re2a6]} Rxc6 (36... Ra5 {was worth a try.} 37. Qb2 Kg8 38. Qb8+ Qf8 39. Qxc7 Ra8 40. Bxa8 Qxa8) 37. dxc6 {White is clearly winning.} Qe8 38. Qa6 Kf7 39. Re1 Rg8 40. Qb7 {Weighted Error Value: White=0.14/Black=0.43} 1-0

[Event "Israel Championship 2021"]
[Site "Haifa"]
[Date "2021.03.11"]
[Round "5.2"]
[White "Nabaty, Tamir"]
[Black "Kobo, Ori"]
[Result "1-0"]
[WhiteElo "2638"]
[BlackElo "2460"]
[Annotator "TA"]
[PlyCount "135"]
[EventDate "2021.01.10"]
[EventType "swiss"]
[EventCountry "ISR"]
[SourceTitle "playchess.com"]
[Source "ChessBase"]
[SourceQuality "1"]

{[%evp 18,135,12,9,3,7,7,8,10,13,14,0,27,20,34,29,29,23,14,14,18,20,29,-48,-61,-64,-54,-63,-30,-27,-9,-18,-16,-49,-25,-80,-34,-39,-25,-18,-22,-27,0,0,0,-34,-31,-27,-12,-7,14,17,12,2,48,21,5,0,0,0,0,0,43,50,45,58,64,83,119,122,95,24,24,24,24,24,138,147,137,0,0,0,137,125,122,142,127,99,241,225,238,241,505,469,919,774,902,994,687,356,335,406,405,368,401,401,359,346,335,320,332,80,2939,2285,2442,2400,29984,29979,29977,1084]} 1. e4 e5 2. Nf3 Nc6 3. Bb5 a6 4. Bxc6 dxc6 5. O-O f6 6. d4 Bg4 7. dxe5 Qxd1 8. Rxd1 fxe5 9. Nbd2 O-O-O 10. Re1 Re8 {C69: Ruy Lopez: Exchange Variation with 5 0-0 f6.} 11. h3 Bh5 12. a3 $5 {[%mdl 4] A promising side line.} Nf6 {The position is equal.} 13. b3 Nd7 14. Bb2 {[#]} Bd6 $146 ({Predecessor:} 14... Rg8 15. Nh4 g5 16. Nf5 g4 17. hxg4 Bxg4 18. Nc4 Bc5 19. b4 Ba7 20. Kf1 Bxf5 21. exf5 {1-0 (47) Sazonov,N (1968)-Savva,J (2053) ICCF email 2017}) 15. Nh4 Bf7 16. Nf5 Bf8 $1 17. Rad1 g6 18. Ne3 Bc5 19. Nf3 Rhf8 20. Rxd7 Kxd7 $15 21. Nxe5+ Kc8 22. Nd3 Ba7 23. Ng4 Be6 24. Nge5 g5 25. Rf1 h5 26. h4 (26. Kh2 $11 {remains equal.}) 26... g4 27. Kh2 Bg8 {Hoping for ...Bh7.} 28. Kg3 Bh7 29. Re1 Re6 30. Re2 Rfe8 31. c4 c5 32. f4 gxf3 33. gxf3 c6 34. f4 Rd6 35. Kf3 Rg8 36. f5 Bb8 37. Nf4 Rd1 38. Nxh5 Rh1 {Threatens to win with ...Rh3+.} 39. Nf4 Rxh4 40. Neg6 Bxg6 41. Nxg6 Rh3+ 42. Kg4 $1 {[%cal Rg4h3]} Rxb3 43. Kg5 $1 Kd8 44. Bf6+ ({Better is} 44. Kf6 $16 Ke8 45. Ke6) 44... Ke8 $11 45. e5 {Threatening Rd2.} Rg3+ $1 46. Kf4 Rg1 (46... Rh3 $1 $11) 47. Rh2 $1 $16 {[%cal Rh2h7][%mdl 1024] White has strong compensation.} Rf1+ 48. Kg5 Rg1+ $1 49. Kf4 {And now Rh7 would win.} Rf1+ $1 50. Ke4 {aiming for Rh7.} Re1+ 51. Kd3 Rd1+ 52. Ke3 Rd7 (52... Bc7 $16) 53. Rh6 $1 $18 {e6 is the strong threat.} Rf7 54. Ke4 Bc7 $2 (54... Bd6 55. Bg5 Bf8) 55. Bg5 Rd7 (55... Rfg7 $142 56. Bd2 Bd8) 56. e6 Rd4+ 57. Ke3 {Black must now prevent Rh7.} Be5 58. Rh7 Rxg6 59. fxg6 {[%mdl 4096] Endgame Intending g7 and mate. KRB-KRB} Rg4 60. Re7+ Kf8 61. Rf7+ $1 Ke8 62. Rf5 $1 {[%cal Rf5e5]} Bg7 63. Kf3 Rg1 {[#]} (63... Rxc4 64. Rf7 Rc3+ 65. Kg4 Be5 66. g7 Rg3+ 67. Kh5 Rxg5+ 68. Kxg5 Bxg7 69. Rxg7) 64. Kf4 $2 ({Not} 64. Rxc5 Re1 $14) (64. Rf7 $1 $18 {is more deadly.} Rxg5 (64... Be5 65. Re7+) 65. Rxg7) 64... Rf1+ $2 {[%mdl 8192]} (64... Bb2 $16) 65. Kg4 Rg1+ 66. Kh5 Rh1+ {[#]} 67. Bh4 $1 Bc3 68. e7 {Weighted Error Value: White=0.20/Black=0.16} (68. Rf7 $142 Rh3 69. g7 Bxg7 {[%mdl 64] Remove Defender} 70. Rxg7 Kf8 71. e7+ Kxg7 72. e8=Q Rxh4+ 73. Kxh4) 1-0